000 00688nam a2200205Ia 4500
008 191130s2002##################000#0#eng##
020 _a9780762308781
040 _aACL
_cACL
082 _a302.35 STA .24
245 _aResearch in organizational behaviour : an annual series of analytical essays and critical reviews
_ceditors, Barry M. Staw, Larry L. Cummings
260 _aStamford, CT
_bJai Press
_c2002
300 _a345 p. : ill. ; 24 cm
500 _aIncludes bibliographical references
650 _aOrganizational behavior
700 _aCummings, Larry L
700 _aStaw, Barry M
990 _ae7dcd4d0ac10000c516ea6c8d0491701
991 _a247536
999 _c286542
_d286542